<?xml version="1.0" encoding="UTF-8"?>
<record
    xmlns:xsi="http://www.w3.org/2001/XMLSchema-instance"
    xsi:schemaLocation="http://www.loc.gov/MARC21/slim http://www.loc.gov/standards/marcxml/schema/MARC21slim.xsd"
    xmlns="http://www.loc.gov/MARC21/slim">

  <leader>01180nam a22003137a 4500</leader>
  <datafield tag="999" ind1=" " ind2=" ">
    <subfield code="c">89631</subfield>
    <subfield code="d">89631</subfield>
  </datafield>
  <controlfield tag="005">20190916164457.0</controlfield>
  <datafield tag="010" ind1=" " ind2=" ">
    <subfield code="a">BAC-EN21    ENG-112037        B-706478</subfield>
  </datafield>
  <datafield tag="020" ind1=" " ind2=" ">
    <subfield code="a">9780143420361</subfield>
    <subfield code="c">250.00</subfield>
  </datafield>
  <datafield tag="035" ind1=" " ind2=" ">
    <subfield code="a">EN-95569</subfield>
  </datafield>
  <datafield tag="035" ind1=" " ind2=" ">
    <subfield code="a">B-581658-681</subfield>
  </datafield>
  <datafield tag="035" ind1=" " ind2=" ">
    <subfield code="a">B-666135</subfield>
  </datafield>
  <datafield tag="035" ind1=" " ind2=" ">
    <subfield code="a">B-706478</subfield>
  </datafield>
  <datafield tag="035" ind1=" " ind2=" ">
    <subfield code="a">B-729998</subfield>
  </datafield>
  <datafield tag="037" ind1=" " ind2=" ">
    <subfield code="b">Pragati/Ven</subfield>
    <subfield code="a">dpl</subfield>
  </datafield>
  <datafield tag="037" ind1=" " ind2=" ">
    <subfield code="b">DBAD/PUB</subfield>
  </datafield>
  <datafield tag="037" ind1=" " ind2=" ">
    <subfield code="b">Gift</subfield>
  </datafield>
  <datafield tag="082" ind1=" " ind2=" ">
    <subfield code="a">N</subfield>
  </datafield>
  <datafield tag="100" ind1=" " ind2=" ">
    <subfield code="a"> Murty, Sudha</subfield>
  </datafield>
  <datafield tag="245" ind1=" " ind2=" ">
    <subfield code="a">House of cards /</subfield>
    <subfield code="b">by Sudha Murty</subfield>
  </datafield>
  <datafield tag="260" ind1=" " ind2=" ">
    <subfield code="a">New Delhi</subfield>
    <subfield code="b">Penguin Books</subfield>
    <subfield code="c">2013</subfield>
  </datafield>
  <datafield tag="270" ind1=" " ind2=" ">
    <subfield code="a">11 Community Centre, Panchsheel Park</subfield>
    <subfield code="b">New Delhi</subfield>
    <subfield code="e">110017</subfield>
  </datafield>
  <datafield tag="270" ind1=" " ind2=" ">
    <subfield code="a">7th Floor, Infinity Tower C, DLF Cyber City</subfield>
    <subfield code="b">Gurgaon (Haryana)</subfield>
    <subfield code="e">122002</subfield>
  </datafield>
  <datafield tag="300" ind1=" " ind2=" ">
    <subfield code="a">232p.</subfield>
    <subfield code="c">20cm(pbk)</subfield>
  </datafield>
  <datafield tag="942" ind1=" " ind2=" ">
    <subfield code="2">ddc</subfield>
    <subfield code="c">CH</subfield>
    <subfield code="m">MUR</subfield>
    <subfield code="h">N</subfield>
  </datafield>
  <datafield tag="952" ind1=" " ind2=" ">
    <subfield code="0">0</subfield>
    <subfield code="1">0</subfield>
    <subfield code="4">0</subfield>
    <subfield code="7">1</subfield>
    <subfield code="8">FIC</subfield>
    <subfield code="a">DBAD</subfield>
    <subfield code="b">DBAD</subfield>
    <subfield code="d">2015-01-30</subfield>
    <subfield code="e">DBAD/PUB</subfield>
    <subfield code="g">250.00</subfield>
    <subfield code="l">0</subfield>
    <subfield code="o">N MUR</subfield>
    <subfield code="p">EN-95569</subfield>
    <subfield code="r">2015-01-30 00:00:00</subfield>
    <subfield code="t">1</subfield>
    <subfield code="v">250.00</subfield>
    <subfield code="y">EN</subfield>
  </datafield>
  <datafield tag="952" ind1=" " ind2=" ">
    <subfield code="0">0</subfield>
    <subfield code="1">0</subfield>
    <subfield code="4">0</subfield>
    <subfield code="7">0</subfield>
    <subfield code="8">FIC</subfield>
    <subfield code="a">L</subfield>
    <subfield code="b">L</subfield>
    <subfield code="d">2015-03-02</subfield>
    <subfield code="e">Pragati Pub/50/17.12.2014/184/08.12.2014/30.12.2014</subfield>
    <subfield code="g">250.00</subfield>
    <subfield code="l">22</subfield>
    <subfield code="m">8</subfield>
    <subfield code="o">N MAH</subfield>
    <subfield code="p">B-581658</subfield>
    <subfield code="r">2026-04-25 13:11:58</subfield>
    <subfield code="s">2026-04-11</subfield>
    <subfield code="t">1</subfield>
    <subfield code="v">250.00</subfield>
    <subfield code="w">2015-03-02</subfield>
    <subfield code="y">EN</subfield>
  </datafield>
  <datafield tag="952" ind1=" " ind2=" ">
    <subfield code="0">0</subfield>
    <subfield code="1">0</subfield>
    <subfield code="4">0</subfield>
    <subfield code="7">0</subfield>
    <subfield code="8">FIC</subfield>
    <subfield code="a">M</subfield>
    <subfield code="b">M</subfield>
    <subfield code="d">2015-03-02</subfield>
    <subfield code="e">Pragati Pub/50/17.12.2014/184/08.12.2014/30.12.2014</subfield>
    <subfield code="g">250.00</subfield>
    <subfield code="l">0</subfield>
    <subfield code="o">N MAH</subfield>
    <subfield code="p">B-581659</subfield>
    <subfield code="r">2015-03-02 00:00:00</subfield>
    <subfield code="t">2</subfield>
    <subfield code="v">250.00</subfield>
    <subfield code="y">EN</subfield>
  </datafield>
  <datafield tag="952" ind1=" " ind2=" ">
    <subfield code="0">0</subfield>
    <subfield code="1">0</subfield>
    <subfield code="4">0</subfield>
    <subfield code="7">0</subfield>
    <subfield code="8">FIC</subfield>
    <subfield code="a">M</subfield>
    <subfield code="b">M</subfield>
    <subfield code="d">2015-03-02</subfield>
    <subfield code="e">Pragati Pub/50/17.12.2014/184/08.12.2014/30.12.2014</subfield>
    <subfield code="g">250.00</subfield>
    <subfield code="l">0</subfield>
    <subfield code="o">N MAH</subfield>
    <subfield code="p">B-581660</subfield>
    <subfield code="r">2015-03-02 00:00:00</subfield>
    <subfield code="t">2</subfield>
    <subfield code="v">250.00</subfield>
    <subfield code="y">EN</subfield>
  </datafield>
  <datafield tag="952" ind1=" " ind2=" ">
    <subfield code="0">0</subfield>
    <subfield code="1">0</subfield>
    <subfield code="4">0</subfield>
    <subfield code="7">0</subfield>
    <subfield code="8">FIC</subfield>
    <subfield code="a">NPL</subfield>
    <subfield code="b">NPL</subfield>
    <subfield code="d">2015-03-02</subfield>
    <subfield code="e">Pragati Pub/50/17.12.2014/184/08.12.2014/30.12.2014</subfield>
    <subfield code="g">250.00</subfield>
    <subfield code="l">0</subfield>
    <subfield code="o">N MAH</subfield>
    <subfield code="p">B-581661</subfield>
    <subfield code="r">2015-03-02 00:00:00</subfield>
    <subfield code="t">1</subfield>
    <subfield code="v">250.00</subfield>
    <subfield code="y">EN</subfield>
  </datafield>
  <datafield tag="952" ind1=" " ind2=" ">
    <subfield code="0">0</subfield>
    <subfield code="1">0</subfield>
    <subfield code="4">0</subfield>
    <subfield code="7">0</subfield>
    <subfield code="8">FIC</subfield>
    <subfield code="a">BL1</subfield>
    <subfield code="b">BL1</subfield>
    <subfield code="d">2015-03-02</subfield>
    <subfield code="e">Pragati Pub/50/17.12.2014/184/08.12.2014/30.12.2014</subfield>
    <subfield code="g">250.00</subfield>
    <subfield code="l">13</subfield>
    <subfield code="m">4</subfield>
    <subfield code="o">N MAH</subfield>
    <subfield code="p">B-581662</subfield>
    <subfield code="r">2025-04-24 00:00:00</subfield>
    <subfield code="s">2025-04-17</subfield>
    <subfield code="t">1</subfield>
    <subfield code="v">250.00</subfield>
    <subfield code="y">EN</subfield>
  </datafield>
  <datafield tag="952" ind1=" " ind2=" ">
    <subfield code="0">0</subfield>
    <subfield code="1">0</subfield>
    <subfield code="4">0</subfield>
    <subfield code="7">0</subfield>
    <subfield code="8">FIC</subfield>
    <subfield code="a">KGM</subfield>
    <subfield code="b">KGM</subfield>
    <subfield code="d">2015-03-02</subfield>
    <subfield code="e">Pragati Pub/50/17.12.2014/184/08.12.2014/30.12.2014</subfield>
    <subfield code="g">250.00</subfield>
    <subfield code="l">16</subfield>
    <subfield code="m">10</subfield>
    <subfield code="o">N MAH</subfield>
    <subfield code="p">B-581663</subfield>
    <subfield code="r">2026-04-04 10:24:13</subfield>
    <subfield code="s">2026-02-26</subfield>
    <subfield code="t">1</subfield>
    <subfield code="v">250.00</subfield>
    <subfield code="y">EN</subfield>
  </datafield>
  <datafield tag="952" ind1=" " ind2=" ">
    <subfield code="0">0</subfield>
    <subfield code="1">0</subfield>
    <subfield code="4">0</subfield>
    <subfield code="7">0</subfield>
    <subfield code="8">FIC</subfield>
    <subfield code="a">PR</subfield>
    <subfield code="b">PR</subfield>
    <subfield code="d">2015-03-02</subfield>
    <subfield code="e">Pragati Pub/50/17.12.2014/184/08.12.2014/30.12.2014</subfield>
    <subfield code="g">250.00</subfield>
    <subfield code="l">0</subfield>
    <subfield code="o">N MAH</subfield>
    <subfield code="p">B-581664</subfield>
    <subfield code="r">2015-03-02 00:00:00</subfield>
    <subfield code="t">1</subfield>
    <subfield code="v">250.00</subfield>
    <subfield code="y">EN</subfield>
  </datafield>
  <datafield tag="952" ind1=" " ind2=" ">
    <subfield code="0">0</subfield>
    <subfield code="1">0</subfield>
    <subfield code="4">0</subfield>
    <subfield code="7">0</subfield>
    <subfield code="8">FIC</subfield>
    <subfield code="a">TN</subfield>
    <subfield code="b">TN</subfield>
    <subfield code="d">2015-03-02</subfield>
    <subfield code="e">Pragati Pub/50/17.12.2014/184/08.12.2014/30.12.2014</subfield>
    <subfield code="g">250.00</subfield>
    <subfield code="l">2</subfield>
    <subfield code="o">N MAH</subfield>
    <subfield code="p">B-581665</subfield>
    <subfield code="r">2025-11-27 00:00:00</subfield>
    <subfield code="s">2025-11-08</subfield>
    <subfield code="t">1</subfield>
    <subfield code="v">250.00</subfield>
    <subfield code="y">EN</subfield>
  </datafield>
  <datafield tag="952" ind1=" " ind2=" ">
    <subfield code="0">0</subfield>
    <subfield code="1">0</subfield>
    <subfield code="4">0</subfield>
    <subfield code="7">0</subfield>
    <subfield code="8">FIC</subfield>
    <subfield code="a">CJ</subfield>
    <subfield code="b">CJ</subfield>
    <subfield code="d">2015-03-02</subfield>
    <subfield code="e">Pragati Pub/50/17.12.2014/184/08.12.2014/30.12.2014</subfield>
    <subfield code="g">250.00</subfield>
    <subfield code="l">5</subfield>
    <subfield code="m">1</subfield>
    <subfield code="o">N MAH</subfield>
    <subfield code="p">B-581666</subfield>
    <subfield code="r">2026-06-15 14:02:29</subfield>
    <subfield code="s">2026-06-01</subfield>
    <subfield code="t">1</subfield>
    <subfield code="v">250.00</subfield>
    <subfield code="y">EN</subfield>
  </datafield>
  <datafield tag="952" ind1=" " ind2=" ">
    <subfield code="0">0</subfield>
    <subfield code="1">0</subfield>
    <subfield code="4">0</subfield>
    <subfield code="7">0</subfield>
    <subfield code="8">FIC</subfield>
    <subfield code="a">DIZ</subfield>
    <subfield code="b">DIZ</subfield>
    <subfield code="d">2015-03-02</subfield>
    <subfield code="e">Pragati Pub/50/17.12.2014/184/08.12.2014/30.12.2014</subfield>
    <subfield code="g">250.00</subfield>
    <subfield code="l">8</subfield>
    <subfield code="m">9</subfield>
    <subfield code="o">N MAH</subfield>
    <subfield code="p">B-581667</subfield>
    <subfield code="r">2026-03-09 00:00:00</subfield>
    <subfield code="s">2026-01-19</subfield>
    <subfield code="t">1</subfield>
    <subfield code="v">250.00</subfield>
    <subfield code="y">EN</subfield>
  </datafield>
  <datafield tag="952" ind1=" " ind2=" ">
    <subfield code="0">0</subfield>
    <subfield code="1">0</subfield>
    <subfield code="4">0</subfield>
    <subfield code="7">0</subfield>
    <subfield code="8">FIC</subfield>
    <subfield code="a">JP</subfield>
    <subfield code="b">JP</subfield>
    <subfield code="d">2015-03-02</subfield>
    <subfield code="e">Pragati Pub/50/17.12.2014/184/08.12.2014/30.12.2014</subfield>
    <subfield code="g">250.00</subfield>
    <subfield code="l">42</subfield>
    <subfield code="m">11</subfield>
    <subfield code="o">N MAH</subfield>
    <subfield code="p">B-581668</subfield>
    <subfield code="r">2025-10-31 00:00:00</subfield>
    <subfield code="s">2025-10-13</subfield>
    <subfield code="t">1</subfield>
    <subfield code="v">250.00</subfield>
    <subfield code="y">EN</subfield>
  </datafield>
  <datafield tag="952" ind1=" " ind2=" ">
    <subfield code="0">0</subfield>
    <subfield code="1">0</subfield>
    <subfield code="4">0</subfield>
    <subfield code="7">0</subfield>
    <subfield code="8">FIC</subfield>
    <subfield code="a">ZLS</subfield>
    <subfield code="b">ZLS</subfield>
    <subfield code="d">2015-03-02</subfield>
    <subfield code="e">Pragati Pub/50/17.12.2014/184/08.12.2014/30.12.2014</subfield>
    <subfield code="g">250.00</subfield>
    <subfield code="l">13</subfield>
    <subfield code="m">10</subfield>
    <subfield code="o">N MAH</subfield>
    <subfield code="p">B581669</subfield>
    <subfield code="r">2025-08-07 00:00:00</subfield>
    <subfield code="s">2025-07-24</subfield>
    <subfield code="t">1</subfield>
    <subfield code="v">250.00</subfield>
    <subfield code="y">EN</subfield>
  </datafield>
  <datafield tag="952" ind1=" " ind2=" ">
    <subfield code="0">0</subfield>
    <subfield code="1">0</subfield>
    <subfield code="4">0</subfield>
    <subfield code="7">0</subfield>
    <subfield code="8">FIC</subfield>
    <subfield code="a">RKP</subfield>
    <subfield code="b">RKP</subfield>
    <subfield code="d">2015-03-02</subfield>
    <subfield code="e">Pragati Pub/50/17.12.2014/184/08.12.2014/30.12.2014</subfield>
    <subfield code="g">250.00</subfield>
    <subfield code="l">13</subfield>
    <subfield code="m">3</subfield>
    <subfield code="o">N MAH</subfield>
    <subfield code="p">B-581670</subfield>
    <subfield code="r">2025-10-27 00:00:00</subfield>
    <subfield code="s">2025-10-03</subfield>
    <subfield code="t">1</subfield>
    <subfield code="v">250.00</subfield>
    <subfield code="y">EN</subfield>
  </datafield>
  <datafield tag="952" ind1=" " ind2=" ">
    <subfield code="0">0</subfield>
    <subfield code="1">0</subfield>
    <subfield code="4">0</subfield>
    <subfield code="7">0</subfield>
    <subfield code="8">FIC</subfield>
    <subfield code="a">AG</subfield>
    <subfield code="b">AG</subfield>
    <subfield code="d">2015-03-02</subfield>
    <subfield code="e">Pragati Pub/50/17.12.2014/184/08.12.2014/30.12.2014</subfield>
    <subfield code="g">250.00</subfield>
    <subfield code="l">18</subfield>
    <subfield code="m">8</subfield>
    <subfield code="o">N MAH</subfield>
    <subfield code="p">B-581671</subfield>
    <subfield code="r">2025-02-12 00:00:00</subfield>
    <subfield code="s">2024-12-24</subfield>
    <subfield code="t">1</subfield>
    <subfield code="v">250.00</subfield>
    <subfield code="y">EN</subfield>
  </datafield>
  <datafield tag="952" ind1=" " ind2=" ">
    <subfield code="0">0</subfield>
    <subfield code="1">5</subfield>
    <subfield code="4">0</subfield>
    <subfield code="7">0</subfield>
    <subfield code="8">FIC</subfield>
    <subfield code="a">SP</subfield>
    <subfield code="b">SP</subfield>
    <subfield code="d">2015-03-02</subfield>
    <subfield code="e">Pragati Pub/50/17.12.2014/184/08.12.2014/30.12.2014</subfield>
    <subfield code="g">250.00</subfield>
    <subfield code="l">0</subfield>
    <subfield code="o">N MAH</subfield>
    <subfield code="p">B-581672</subfield>
    <subfield code="r">2015-03-02 00:00:00</subfield>
    <subfield code="t">1</subfield>
    <subfield code="v">250.00</subfield>
    <subfield code="y">EN</subfield>
  </datafield>
  <datafield tag="952" ind1=" " ind2=" ">
    <subfield code="0">0</subfield>
    <subfield code="1">0</subfield>
    <subfield code="4">0</subfield>
    <subfield code="7">0</subfield>
    <subfield code="8">FIC</subfield>
    <subfield code="a">ZLS</subfield>
    <subfield code="b">ZLS</subfield>
    <subfield code="d">2015-03-02</subfield>
    <subfield code="e">Pragati Pub/50/17.12.2014/184/08.12.2014/30.12.2014</subfield>
    <subfield code="g">250.00</subfield>
    <subfield code="l">20</subfield>
    <subfield code="m">7</subfield>
    <subfield code="o">N MAH</subfield>
    <subfield code="p">B581673</subfield>
    <subfield code="r">2026-05-13 16:40:31</subfield>
    <subfield code="s">2026-04-27</subfield>
    <subfield code="t">1</subfield>
    <subfield code="v">250.00</subfield>
    <subfield code="y">EN</subfield>
  </datafield>
  <datafield tag="952" ind1=" " ind2=" ">
    <subfield code="0">0</subfield>
    <subfield code="1">0</subfield>
    <subfield code="4">0</subfield>
    <subfield code="7">0</subfield>
    <subfield code="8">FIC</subfield>
    <subfield code="a">VP</subfield>
    <subfield code="b">VP</subfield>
    <subfield code="d">2015-03-02</subfield>
    <subfield code="e">Pragati Pub/50/17.12.2014/184/08.12.2014/30.12.2014</subfield>
    <subfield code="g">250.00</subfield>
    <subfield code="l">20</subfield>
    <subfield code="m">4</subfield>
    <subfield code="o">N MAH</subfield>
    <subfield code="p">B-581674</subfield>
    <subfield code="r">2022-06-10 00:00:00</subfield>
    <subfield code="s">2022-06-10</subfield>
    <subfield code="t">1</subfield>
    <subfield code="v">250.00</subfield>
    <subfield code="y">EN</subfield>
  </datafield>
  <datafield tag="952" ind1=" " ind2=" ">
    <subfield code="0">0</subfield>
    <subfield code="1">0</subfield>
    <subfield code="4">0</subfield>
    <subfield code="7">0</subfield>
    <subfield code="8">FIC</subfield>
    <subfield code="a">BN</subfield>
    <subfield code="b">BN</subfield>
    <subfield code="d">2015-03-02</subfield>
    <subfield code="e">Pragati Pub/50/17.12.2014/184/08.12.2014/30.12.2014</subfield>
    <subfield code="g">250.00</subfield>
    <subfield code="l">7</subfield>
    <subfield code="o">N MAH</subfield>
    <subfield code="p">B-581675</subfield>
    <subfield code="r">2023-10-26 00:00:00</subfield>
    <subfield code="s">2023-10-09</subfield>
    <subfield code="t">1</subfield>
    <subfield code="v">250.00</subfield>
    <subfield code="y">EN</subfield>
  </datafield>
  <datafield tag="952" ind1=" " ind2=" ">
    <subfield code="0">0</subfield>
    <subfield code="1">0</subfield>
    <subfield code="4">0</subfield>
    <subfield code="7">0</subfield>
    <subfield code="8">FIC</subfield>
    <subfield code="a">NRR</subfield>
    <subfield code="b">NRR</subfield>
    <subfield code="d">2015-03-02</subfield>
    <subfield code="e">Pragati Pub/50/17.12.2014/184/08.12.2014/30.12.2014</subfield>
    <subfield code="g">250.00</subfield>
    <subfield code="l">0</subfield>
    <subfield code="o">N MAH</subfield>
    <subfield code="p">B-581676</subfield>
    <subfield code="r">2015-03-02 00:00:00</subfield>
    <subfield code="t">1</subfield>
    <subfield code="v">250.00</subfield>
    <subfield code="y">EN</subfield>
  </datafield>
  <datafield tag="952" ind1=" " ind2=" ">
    <subfield code="0">0</subfield>
    <subfield code="1">0</subfield>
    <subfield code="4">0</subfield>
    <subfield code="7">0</subfield>
    <subfield code="8">FIC</subfield>
    <subfield code="a">NR</subfield>
    <subfield code="b">NR</subfield>
    <subfield code="d">2015-03-02</subfield>
    <subfield code="e">Pragati Pub/50/17.12.2014/184/08.12.2014/30.12.2014</subfield>
    <subfield code="g">250.00</subfield>
    <subfield code="l">0</subfield>
    <subfield code="o">N MAH</subfield>
    <subfield code="p">B-581677</subfield>
    <subfield code="r">2015-03-02 00:00:00</subfield>
    <subfield code="t">1</subfield>
    <subfield code="v">250.00</subfield>
    <subfield code="y">EN</subfield>
  </datafield>
  <datafield tag="952" ind1=" " ind2=" ">
    <subfield code="0">0</subfield>
    <subfield code="1">0</subfield>
    <subfield code="4">0</subfield>
    <subfield code="7">0</subfield>
    <subfield code="8">FIC</subfield>
    <subfield code="a">BN</subfield>
    <subfield code="b">BN</subfield>
    <subfield code="d">2015-03-02</subfield>
    <subfield code="e">Pragati Pub/50/17.12.2014/184/08.12.2014/30.12.2014</subfield>
    <subfield code="g">250.00</subfield>
    <subfield code="l">8</subfield>
    <subfield code="m">4</subfield>
    <subfield code="o">N MAH</subfield>
    <subfield code="p">B-581678</subfield>
    <subfield code="r">2023-12-11 00:00:00</subfield>
    <subfield code="s">2023-10-25</subfield>
    <subfield code="t">1</subfield>
    <subfield code="v">250.00</subfield>
    <subfield code="y">EN</subfield>
  </datafield>
  <datafield tag="952" ind1=" " ind2=" ">
    <subfield code="0">0</subfield>
    <subfield code="1">0</subfield>
    <subfield code="4">0</subfield>
    <subfield code="7">0</subfield>
    <subfield code="8">FIC</subfield>
    <subfield code="a">BL4</subfield>
    <subfield code="b">BL4</subfield>
    <subfield code="d">2015-03-02</subfield>
    <subfield code="e">Pragati Pub/50/17.12.2014/184/08.12.2014/30.12.2014</subfield>
    <subfield code="g">250.00</subfield>
    <subfield code="l">6</subfield>
    <subfield code="m">1</subfield>
    <subfield code="o">N MAH</subfield>
    <subfield code="p">B-581679</subfield>
    <subfield code="r">2023-12-16 00:00:00</subfield>
    <subfield code="s">2023-11-29</subfield>
    <subfield code="t">1</subfield>
    <subfield code="v">250.00</subfield>
    <subfield code="y">EN</subfield>
  </datafield>
  <datafield tag="952" ind1=" " ind2=" ">
    <subfield code="0">0</subfield>
    <subfield code="1">0</subfield>
    <subfield code="4">0</subfield>
    <subfield code="7">0</subfield>
    <subfield code="8">FIC</subfield>
    <subfield code="a">YV</subfield>
    <subfield code="b">YV</subfield>
    <subfield code="d">2015-03-02</subfield>
    <subfield code="e">Pragati Pub/50/17.12.2014/184/08.12.2014/30.12.2014</subfield>
    <subfield code="g">250.00</subfield>
    <subfield code="l">2</subfield>
    <subfield code="m">1</subfield>
    <subfield code="o">N MAH</subfield>
    <subfield code="p">B-581680</subfield>
    <subfield code="r">2026-05-11 16:12:18</subfield>
    <subfield code="s">2026-04-11</subfield>
    <subfield code="t">1</subfield>
    <subfield code="v">250.00</subfield>
    <subfield code="y">EN</subfield>
  </datafield>
  <datafield tag="952" ind1=" " ind2=" ">
    <subfield code="0">0</subfield>
    <subfield code="1">0</subfield>
    <subfield code="4">0</subfield>
    <subfield code="7">0</subfield>
    <subfield code="8">FIC</subfield>
    <subfield code="a">YV</subfield>
    <subfield code="b">YV</subfield>
    <subfield code="d">2015-03-02</subfield>
    <subfield code="e">Pragati Pub/50/17.12.2014/184/08.12.2014/30.12.2014</subfield>
    <subfield code="g">250.00</subfield>
    <subfield code="l">10</subfield>
    <subfield code="m">6</subfield>
    <subfield code="o">N MAH</subfield>
    <subfield code="p">B-581681</subfield>
    <subfield code="q">2026-07-02</subfield>
    <subfield code="r">2026-06-04 11:03:01</subfield>
    <subfield code="s">2026-06-04</subfield>
    <subfield code="t">1</subfield>
    <subfield code="v">250.00</subfield>
    <subfield code="y">EN</subfield>
  </datafield>
  <datafield tag="952" ind1=" " ind2=" ">
    <subfield code="0">0</subfield>
    <subfield code="1">0</subfield>
    <subfield code="4">0</subfield>
    <subfield code="7">0</subfield>
    <subfield code="8">FIC</subfield>
    <subfield code="a">AV</subfield>
    <subfield code="b">AV</subfield>
    <subfield code="d">2017-05-02</subfield>
    <subfield code="e">BPPD/EN/2014-15/AV/16-17/429/15.02.2017/560/28.02.2017/10.03.2017</subfield>
    <subfield code="g">250.00</subfield>
    <subfield code="l">22</subfield>
    <subfield code="m">6</subfield>
    <subfield code="o">N MUR</subfield>
    <subfield code="p">B-666135</subfield>
    <subfield code="r">2025-08-11 00:00:00</subfield>
    <subfield code="s">2025-07-28</subfield>
    <subfield code="t">1</subfield>
    <subfield code="v">250.00</subfield>
    <subfield code="w">2017-05-02</subfield>
    <subfield code="y">EN</subfield>
  </datafield>
  <datafield tag="952" ind1=" " ind2=" ">
    <subfield code="0">0</subfield>
    <subfield code="1">0</subfield>
    <subfield code="4">0</subfield>
    <subfield code="7">0</subfield>
    <subfield code="8">FIC</subfield>
    <subfield code="a">L</subfield>
    <subfield code="b">L</subfield>
    <subfield code="d">2018-09-20</subfield>
    <subfield code="e">Gift /Eng /14.09.2018</subfield>
    <subfield code="g">250.00</subfield>
    <subfield code="l">14</subfield>
    <subfield code="m">5</subfield>
    <subfield code="o">N MUR</subfield>
    <subfield code="p">B-706478</subfield>
    <subfield code="r">2024-06-11 00:00:00</subfield>
    <subfield code="s">2024-05-29</subfield>
    <subfield code="t">1</subfield>
    <subfield code="v">250.00</subfield>
    <subfield code="y">EN</subfield>
  </datafield>
  <datafield tag="952" ind1=" " ind2=" ">
    <subfield code="0">0</subfield>
    <subfield code="1">0</subfield>
    <subfield code="4">0</subfield>
    <subfield code="7">0</subfield>
    <subfield code="8">FIC</subfield>
    <subfield code="a">ZLS</subfield>
    <subfield code="b">ZLS</subfield>
    <subfield code="d">2019-09-17</subfield>
    <subfield code="e">Gift /Eng /13.09.2019</subfield>
    <subfield code="g">250.00</subfield>
    <subfield code="l">40</subfield>
    <subfield code="m">22</subfield>
    <subfield code="o">N MUR</subfield>
    <subfield code="p">B-729998</subfield>
    <subfield code="q">2026-07-02</subfield>
    <subfield code="r">2026-06-18 14:56:52</subfield>
    <subfield code="s">2026-06-18</subfield>
    <subfield code="t">1</subfield>
    <subfield code="v">250.00</subfield>
    <subfield code="y">EN</subfield>
  </datafield>
</record>
